| 000 | 00597nam a22002177a 4500 | ||
|---|---|---|---|
| 003 | UUm | ||
| 005 | 20151027155216.0 | ||
| 008 | 130308t xxu||||| |||| 00| 0 eng d | ||
| 020 | _a9780061227974 | ||
| 020 | _a0688123058 | ||
| 050 |
_aN 70 _b.Sh48 2007 |
||
| 082 |
_aIB 701 _bSh6 2007 |
||
| 100 | _aShlain, Leonard | ||
| 245 |
_aArt & physics : _bparallel visions in space, time, and light _cLeonard Shlain. |
||
| 260 |
_aNew York : _bHarperCollins Publishers, _c2007. |
||
| 300 |
_a480 p. : _bill. ; _c24 cm. |
||
| 650 | _aArts | ||
| 650 | _aPhysics | ||
| 942 |
_2lcc _cBK |
||
| 999 |
_c2171 _d2171 |
||